| 000 | 00567cam a22002171 4500 | ||
|---|---|---|---|
| 001 | sa 67007001 | ||
| 003 | DLC | ||
| 005 | 20260227112412.0 | ||
| 008 | 890403s1966 xx 000 0 beno | ||
| 010 | _asa 67007001 | ||
| 035 | _a(OCoLC)23563255 | ||
| 040 |
_aDLC _cMiU _dDLC |
||
| 042 | _apremarc | ||
| 050 | 0 | 0 |
_aDS485.N7 _bK48 |
| 100 | 1 |
_aRoy, Sukumar, _d1919- |
|
| 245 | 1 | 0 | _aSīmānta Gāndhī o Khodāi-khidmadgāra āndolana. |
| 260 | _c[1966 or 7] | ||
| 300 |
_a12, 84 p. _c23 cm. |
||
| 500 | _aRomanized. | ||
| 600 | 1 | 0 |
_aKhan, Abdul Ghaffar, _d1890-1988. |
| 999 |
_c76282 _d76282 |
||